000 00882nam a2200241 a 4500
001 000035389
005 20200930074315.0
008 111031s1951 fr 000 0 spa d
040 _aDO-SdBNP
_bspa
_cBNPHU
082 _a299.31
_bF829r
100 1 _aFrankfort, Henri
_961205
240 1 0 _aKingship and the gods
_lFrancés
245 1 3 _aLa royaute et les dieux :
_bintégration de la société a la nature dans la religion de L´ancien proche orient /
_cHenri Frankfort ; traduction de Jacques Marty et Paule Krieger.
260 _aParis :
_bPayot,
_c1951.
300 _a433 p. ;
_c23 cm.
490 1 _aBibliotheque historique
651 4 _aEgipto
_xReligión
_97460
651 4 _aIrak
_xReligión
_961206
700 1 2 _aMarty, Jacques
_etr.
_961207
700 1 2 _aKrieger, Paule
_etr.
_961208
830 0 _aBibliotheque historique
_961209
910 _aValidado. Control de calidad MFF
999 _c34880
_d34880